000 00563nam a2200217 a 4500
001 0001-2079
003 ELIB.Books
008 190722 2010 eng
020 _a1570753733
092 _a270
_bWal
100 _aWalls, Andrew F.
245 _aThe cross-Cultural Process in Christian History
260 _aEdinburgh
_bOrbis Books
_c2004
300 _c20.5cm
650 _aMission-History
856 _nKBTS Library
_uKBTS Elib
942 _2ddc
_cBK
990 _a3
998 _aEnglishbooks.elf
_ccat
_e2019-07-22
999 _c12079
_d12079